000 00269nam a2200097Ia 4500
008 230907s9999||||xx |||||||||||||| ||und||
082 _a621.382
_bRES
245 0 _aResource management for energy and spectrum harvesting sensor networks /
300 _a79 p.
942 _cBK
999 _c599294
_d599294